header

The Great Shark Escape (Record no. 265254)

MARC details
000 -LEADER
fixed length control field 00222nam a22000977a 4500
020 ## - INTERNATIONAL STANDARD BOOK NUMBER
ISBN 0439204216
100 ## - MAIN ENTRY--AUTHOR NAME
Personal name Joanna Cole
245 ## - TITLE STATEMENT
Title The Great Shark Escape
260 ## - PUBLICATION, DISTRIBUTION, ETC. (IMPRINT)
Place of publication New York
Name of publisher Scholastic Inc.
Year of publication 2000.
942 ## - ADDED ENTRY ELEMENTS (KOHA)
Koha item type Long Loan Books
Holdings
Withdrawn status Lost status Collection code Home library Current library Shelving location Date acquired Accession Number Koha item type
    Fiction Rongo University Library Rongo University Library Children's Area 19/11/2025 CL20250072 Long Loan Books

© 2026 Rongo University
Contact us: librarian | system librarian | Rongo university